00259nam a2200085 a 450000500170000000800410001724500830005826000190014104000130016020200930070542.0110913s1793 000 spa d 0aThe history, civil and commercial, of the britifh colonies in the weft indies. aLondon,c1793. aDO-SdBNP